Villes d'Europe - Carte - Statistiques

Statistiques générales
  • Ce quiz a été pris 39 fois
  • Le résultat moyen est 9 sur 16
Statistiques - réponses
Par images Réponse % Correct
Amsterdam
86%
Londres
86%
Venise
83%
Istanbul
80%
Athènes
74%
Copenhague
69%
Lisbonne
69%
Stockholm
66%
Genève
43%
Helsinki
43%
Moscou
43%
Dublin
40%
Hambourg
34%
Reykjavík
34%
Belgrade
23%
La Valette
23%
Aucun quiz correspondant
Distribution des résultats
% des personnes avec chaque résultat
Percentile par nombre de réponses
Votre historique - résultats
Vous n’avez pas pris ce quiz